01223nam a22003017a 4500003000900000005001700009008003700026020001500063040002200078082001600100100001700116245018400133260006800317300003000385490003200415700002200447700002600469700002800495700004100523700003500564830003100599910001100630942001200641945003300653952017600686956004200862999001700904DO-SdBNP20171206095039.0161031b 1996 xxu a 00| 0 spa d a0673758656 aBPMSUbspacBPMSU axxxxbM163p1 aMclean, Anne10aUn paseo en autobús /cAnne Mclean ; ilustraciones Leslie Wolf ; adaptación Raúl Almada ; traducción Patricia Almada, Mercedes Quintana Barragán, Natalia Ruano Martinez  aEstados Unidos : bCelebration Press, bScott Foresman, c1996. a24 p. : bil. ; c18 cm. 1 aPequeñitas celebraciones 12aWolf, Leslieeil.12aAlmada, Raúleadap.12aAlmada, Patriciaetrad.12aQuintana Barragán, Mercedesetrad.12aRuano Martinez, Nataliaetrad. 0aPequeñitas celebraciones a000144 2ddccBK ainventariado extranjero / DG 00102ddc40708CI-GaBPMETbBPMETd2017-10-30eDonado por la Biblioteca Infantil Juvenil República Dominicanal0oxxxx M163ppBPMSU17100178r2017-10-30w2017-10-30yBK 2YLOCKWARD3108BPMSUaYngrid Lockward c12725d12725